| 000 | 00716cab a2200253 4500 | ||
|---|---|---|---|
| 001 | X7 | ||
| 008 | 090401t1991 xxu||||| |||| 00| 0 eng d | ||
| 035 | _a(Sirsi) u34780 | ||
| 041 | _aeng | ||
| 100 | _aUwakweh, B.O. | ||
| 245 | _aConceptual model for manpower planning for the construction industry in developing countries | ||
| 260 | _c1991 | ||
| 350 | _a0 | ||
| 490 |
_aConstruction Management & Economics _v9(5) September 1991, 451-465(15) |
||
| 650 | _aCONSTRUCTION INDUSTRY | ||
| 650 | _aDEVELOPING COUNTRIES | ||
| 650 | _aLABOUR | ||
| 650 | _aMANPOWER PLANNING | ||
| 650 | _aTHIRD WORLD | ||
| 690 | _aOVERSEAS-REST OF THE WORLD | ||
| 700 | _aMaloney, W.F. | ||
| 942 | _n0 | ||
| 948 | _c04/03/1997 | ||
| 999 |
_c22962 _d22962 |
||